00470nam a2200169Ia 450000500170000000800410001702000140005804000190007204100120009108200170010310000210012024500530014126000480019430000120024265000360025485000100029020221220105920.0131103s9999 xx 000 0 und d a229602748 aLoreto College aEnglish a813.52 bHEM aHemingway,Ernest 4aThe first forty - nine storiescErnest Hemingway aLondonbJonathan Capec1944 (1972 printing) a414 p.  aAmerican Fiction - 20th Century aLCLIB